000
00295nam a22001337a 4500
008
181029b xxu||||| |||| 00| 0 eng d
020
_a
9780226036489
041
_a
eng
080
_a
610
100
_a
4
101
_a
SHM
245
_a
The Medical Malpractice Myth
_c
Baker,T
942
_2
udc
_c
BK
999
_c
51020
_d
51020